| 000 | 01148cab a2200181 4500 | ||
|---|---|---|---|
| 001 | L129923 | ||
| 008 | 050606n2005 000 0 eng u | ||
| 035 | _a(Sirsi) u129923 | ||
| 041 | _aeng | ||
| 100 | _aWillis, Ben | ||
| 245 | _aBuilding better green spaces | ||
| 260 | _c2005 | ||
| 490 |
_aRegeneration and Renewal _v 27 May 2005, 20-22(3) |
||
| 520 | _aHigh-quality parkland brings with it a range of benefits to communities. Sets out five key facets of successful green space regeneration, the results of which more than repay the investment: long-term revenue funding for parks and the establishment of charitable trusts to generate a variety of income streams; active community involvement; management of parks moving from local authorities to alternative forms of governance such as the 'friends of' concept; design of parks to deter anti-social behaviour problems; and meeting the skills shortage in the green space regeneration sector. Notes that less than 50% of local authorities have a green space strategy despite potential benefits. | ||
| 590 | _aIKA070605 | ||
| 690 | _aPROPERTY-PROPERTY MANAGEMENT-REGENERATION | ||
| 942 | _n0 | ||
| 999 |
_c75349 _d75349 |
||